000 00649nam a22002177a 4500
005 20250715164829.0
008 250715b |||||||| |||| 00| 0 eng d
037 _cTB
040 _aCRL
_cCRL
041 _2eng
_aeng
_htel
084 _aO35,1x Q6
_qCRL
100 _eDivine Humanism Trust
245 _aGood words:
_bDivine humanity capsules
260 _aHyderabad, India:
_bAnanya Publications,
_c2016.
300 _a86p.
365 _b50.00
_cINR
650 _aTelugu Literature
650 _aTelugu Poetry
942 _2CC
_cTB
_hO35,1x Q6
_n0
999 _c1433664
_d1433664